Catalog

Record Details

Catalog Search



Raven black  Cover Image Book Book

Raven black / Ann Cleeves.

Cleeves, Ann. (Author).

Record details

  • ISBN: 0312359667
  • ISBN: 9780312359669
  • Physical Description: 375 pages ; 22 cm.
  • Edition: 1st U.S. edition
  • Publisher: New York : Thomas Dunne Books/St. Martin's Minotaur, 2007.
Subject: Shetland (Scotland) > Fiction.

Available copies

  • 1 of 1 copy available at scottsboropl.

Holds

  • 0 current holds with 1 total copy.
Show Only Available Copies
Location Call Number / Copy Notes Barcode Shelving Location Status Due Date
scottsboropl F Cle 32269000784317 Adult - Fiction Available -

LDR 01044cam a2200277 a 4500
001129599
003CONS
00520140703073305.0
008070319s2007 nyu 000 1 eng
010 . ‡a 2007011055
020 . ‡a0312359667
020 . ‡a9780312359669
035 . ‡a(CPomAG)LMN499257
043 . ‡ae-uk-st
05000. ‡aPR6053.L45 ‡bR38 2007
08200. ‡a823/.914 ‡222
1001 . ‡aCleeves, Ann.
24510. ‡aRaven black / ‡cAnn Cleeves.
250 . ‡a1st U.S. edition
260 . ‡aNew York : ‡bThomas Dunne Books/St. Martin's Minotaur, ‡c2007.
300 . ‡a375 pages ; ‡c22 cm.
651 0. ‡aShetland (Scotland) ‡vFiction.
85642. ‡3Contributor biographical information ‡uhttp://www.loc.gov/catdir/enhancements/fy0714/2007011055-b.html ‡zContributor biographical information
85642. ‡3Publisher description ‡uhttp://www.loc.gov/catdir/enhancements/fy0714/2007011055-d.html ‡zPublisher description
959 . ‡i32269000784317 ‡lF Cle ‡aAdult - Fiction ‡tFiction ‡g25.00
852 . ‡p32269000784317 ‡jF Cle ‡gAdult - Fiction ‡cFiction ‡y25.00 ‡bSBPL
901 . ‡a129599 ‡bUnknown ‡c129599 ‡tbiblio

Additional Resources